000
00300nam a22001217a 4500
008
170529b xxu||||| |||| 00| 0 eng d
041
_a
eng
080
_a
621(075.8)
100
_a
26
101
_a
IM
245
_a
MATERIALS SCIENCE AND TECHNOLOGY FOR DESIGN ENGINEERS
_c
JAVITZ, A.E
942
_2
udc
_c
BK
999
_c
14898
_d
14898